| 000 | 00844cac a2200229 a 4500 | ||
|---|---|---|---|
| 003 | CO-PeBPM | ||
| 005 | 20251209114012.0 | ||
| 008 | 240613s2020c]|ck ax ||||||||||||||spaund|| | ||
| 020 | _a9789584895615 | ||
| 040 |
_aCO-PeBPM _bspa _cCO-PeBPM _erda |
||
| 041 | _aspa | ||
| 082 | 0 | 4 |
_a158.1 G283p _222 |
| 100 | 1 |
_aGaviria Martínez, Julio César _eautor |
|
| 245 | 0 |
_a¿Para qué nací? _c/ Julio César Gaviria Martínez; prólogo Julián Chica Cardona |
|
| 260 |
_aPereira, Colombia _b: Pinalgraf Eduardo Pineda _c, 2020 |
||
| 300 |
_a2 volúmenes _c21 centimetros |
||
| 500 | _aIncluyen índice | ||
| 650 | 1 | 4 |
_aCrecimiento personal _aAutoayuda _aPerdón _aLiteratura colombiana |
| 700 | _aGaviria Martínez, Julio César, Editor | ||
| 942 |
_2ddc _cBK _n0 |
||
| 999 |
_c107016 _d107016 |
||